00888cam a22002411a 450000100060000000300080000600500170001400800390003103500200007003500180009004000430010804100080015108200220015910000570018124500740023826000460031230000200035850000550037860000390043394200120047299900170048495201450050120775BD-RjUL20211209000617.0140302s1962 enk 000 0 eng a(BD-RjUL) 20837 a(OCoLC)228790 aDLCcOTUdOCoLCdWUdDLCdBD-RjULbeng aeng a869.242bRIT 19621 aRichards, I. A.q(Ivor Armstrong),d1893-1979.9117210aTomorrow morning, Faustus! :ban infernal comedy /cby I.A. Richards. aLondon :bRoutledge & Kegan Paul,cc1962. a58 p. ;c21 cm. a"Addendum to Act III" (8 p.) inserted after p. 48.10aFaust,d-approximately 1540964162 2ddccBK c20775d20775 00102ddc40728FICaRUCLbRUCLcReadingd1963-10-30eThomas & Thomasg9.37l0o869.242 RIT 1962r2014-03-02 00:00:00tC-1w2014-03-02yBK